000 00698nam a2200181 a 4500
005 20240601063754.0
008 991125s1948 mx 000 0 spa u
035 _aUPN01000018700
049 _aLT
050 4 _aLB1577 M6.3
_bV4.3 1948
100 1 _aVelarde, Sergio
245 1 0 _aEjercicios de lenguaje :
_bteoría y práctica de la gramática : para tercer año de enseñanza elemental : segundo libro
_bpara tercer año de enseñanza elemental : segundo libro /
_cSergio Velarde.
260 _aMéxico :
_bProgreso,
_c1948.
300 _a160 p. :
_bil.
500 _aDisponible en la Colección Medina
650 4 _aEspañol
_xGramática
_xEstudio y enseñanza (Elemental)
_913348
905 _aLibro
999 _c18700
_d18700